000 00206nam a22000977a 4500
003 OSt
008 210113b ||||| |||| 00| 0 eng d
100 _aMadhavan Pillai, C
_94854
245 _aLaila
942 _cBK
999 _c16480
_d16480